Ирасема (Запис номер 494120)
[ съкратено ]
| 000 -Лидер | |
|---|---|
| Лидер | 01169nam a2200289 a 4500 |
| 003 - Код на организацията, давaща контролен номер | |
| Код на организацията, даваща контролен номер | BLK |
| 005 - Дата и час на последна редакция | |
| Дата и час на последна редакция | 20240401174530.0 |
| 007 - Фиксирано поле за физическо описани | |
| Физическо описание | ta |
| 008 - Елементи от данни с фиксирана дължина | |
| Елементи с фиксирана дължина | 230811b bu |||||r|||| 00| | bu d |
| 020 ## - Международен стандартен номер на книга ISBN | |
| ISBN | 9786197707120 |
| 040 ## - Източник на каталожния запис | |
| Код на библиотеката | BLK |
| 041 ## - Код за език | |
| Език | Български |
| Език за КДБФ | Български |
| 080 ## - УДК | |
| 9 (RLIN) | 227442 |
| УДК текст | Бразилска литература |
| УДК код | 821.134.3(81) |
| УДК – определител | -31 |
| УДК – код + определител | 821.134.3(81)-31 |
| 084 ## - Класификационен индекс по друга класификация | |
| Авторски знак | Але - А 50 |
| 100 ## - Редна дума - Автор | |
| R(LIN) | 488875 |
| Автор | Аленкар, Жозе де |
| 245 ## - Сведения за заглавието | |
| Заглавие | Ирасема |
| Авторска отговорност | Жозе де Аленкар ; прев. от португ. Рада Ганкова |
| 260 ## - Област на издателските данни | |
| 9 (RLIN) | 214201 |
| Място на издаване | Бургас |
| Име на издателя | Знаци |
| Година на издаване | 2023 |
| Печатница | В. Търново : Фабер |
| 300 ## - Физическа характеристика | |
| Брой страници | 114 с. |
| Размер | 24 см |
| 380 ## - Жанр | |
| Жанр | Худож. лит. |
| 500 ## - Общи забележки | |
| Обща забележка | Ориг. загл., установено от доп. източник: Iracema<br/>"Ирасема": легенда за Сеара или митът за създаването на Бразилия / Рада Ганкова: с. 109-111 |
| 700 1# - Други автори (авторска отговорност) | |
| Друг автор | Ганкова, Рада |
| 9 (RLIN) | 51051 |
| 852 ## - Местоположение | |
| Сигнатура (форматна) | Цб 319406 |
| Отдел | Хранилище |
| 856 ## - Електронен адрес и достъп | |
| Инструкция (цена за достъп) | 0.00 |
| Права за достъп | disable |
| 942 ## - АРТИКУЛИ | |
| Вид на библиотечния документ | Книги |
| Скрит в OPAC | Не |
| Koha issues (borrowed), all copies | 4 |
| 944 ## - СЪЗДАВАНЕ И РЕДАКЦИЯ на ЗАПИСА | |
| Дата на регистрацията/редакция | Моника Янева |
| Служител, извършил регистрацията/редакцията | 30564 |
| Номер на служител | Галина Якимова |
| 999 ## - СИСТЕМНИ КОНТРОЛНИ НОМЕРА | |
| Koha biblionumber | 494120 |
| Koha biblioitemnumber | 494120 |
| 999 ## - СИСТЕМНИ КОНТРОЛНИ НОМЕРА | |
| Koha biblioitemnumber | 494120 |
| Код за отписване | Код за изгубен артикул | Източник на класификационната схема | Код за повреда | Коз за рестрикции | Код за отдаване | Артикулен № | Име на библиотеката - собственик | Име на библиотеката, в която се намира в момента | Статус (Текущо местоположение) | Дата на вписване в системата | Местоположение - отдел | Цена в лева | Инвентарен номер | Систематично азбучна сигнатура | Баркод | Цена в евро | Служебен тип на артикула |
|---|---|---|---|---|---|---|---|---|---|---|---|---|---|---|---|---|---|
| Не е изгубен | Universal Decimal Classification | Не е повреден | само за читалня | ползва се в читалня | 932679 | Регионална библиотека "Любен Каравелов" Русе | Регионална библиотека "Любен Каравелов" Русе | Хранилище | 2023-08-15 | Хранилище | 18.00 | 120000891853 | Цб 319406 | 120000891853 | 9.20 | Книги | |
| Не е изгубен | Universal Decimal Classification | Не е повреден | заемане за дома | 938744 | Регионална библиотека "Любен Каравелов" Русе | Регионална библиотека "Любен Каравелов" Русе | Заемна - подръчен фонд | 2024-01-12 | Заемна - подръчен фонд | 12.60 | 120000897775 | 821-31/А 50 Ж | 120000897775 | 6.44 | Книги | ||
| Не е изгубен | Universal Decimal Classification | Не е повреден | заемане за дома | 938745 | Регионална библиотека "Любен Каравелов" Русе | Регионална библиотека "Любен Каравелов" Русе | Заемна - подръчен фонд | 2024-01-12 | Заемна - подръчен фонд | 12.60 | 120000897776 | 821-31/А 50 Ж | 120000897776 | 6.44 | Книги |